000 00335nam a2200145Ia 4500
008 191201s1999 xx 000 0 und d
082 _a530
_bSAS
100 _aSAXENA,BS
245 0 _aSolid State Physics
250 _a18th
260 _aMeerut
_bPragati Prakashan Meerut
_c1999
300 _a633
650 _aApplied
942 _2ddc
_cBK
999 _c583
_d583